000 00566nam a2200181 i 4500
001 65434
003 ES-MaACL
005 20240125063129.0
007 t|
008 040113s1969 sp ||||1| spa d
100 1 _aFreud, Sigmund,
_d1856-1939
_952547
245 1 0 _aCartas a la novia /
_cSigmund Freud ; [traducción de Joaquín Merino Pérez].
260 _aBarcelona :
_bTusquiets,
_c1969.
300 _a79 p. :
_bretr. aut. ;
_c18 cm.
700 1 _aMerino Pérez, Joaquín.
_980549
852 _aES-MaACL
_jC-40423
_bR.72085
999 _c65434
_d65434